000
00278nam a2200097Ia 4500
001
644699
005
20250826153609.0
008
250824s9999 xx 000 0 und d
245
0
_a
PROFESÖR İYON İLE FEN 2 ÖFKELİ ORGANLAR KOROSU
_c
BİRSEN EKİM ÖZEN
260
_b
TİMAŞ ÇOCUK
999
_c
644699
_d
644699